100 Ways To Kill Your Business (Record no. 294847)
[ view plain ]
| 000 -LEADER | |
|---|---|
| fixed length control field | 00269nam a2200097Ia 4500 |
| 008 - FIXED-LENGTH DATA ELEMENTS--GENERAL INFORMATION | |
| fixed length control field | 160523s9999 xx 000 0 und d |
| 245 ## - TITLE STATEMENT | |
| Title | 100 Ways To Kill Your Business |
| 245 ## - TITLE STATEMENT | |
| Statement of responsibility, etc | by Sandra Wise |
| 260 ## - PUBLICATION, DISTRIBUTION, ETC. (IMPRINT) | |
| Date of publication, distribution, etc | 2013 |
| 856 ## - ELECTRONIC LOCATION AND ACCESS | |
| Uniform Resource Identifier | <a href="http://www.smashwords.com/books/view/374915">http://www.smashwords.com/books/view/374915</a> |
| Withdrawn status | Lost status | Damaged status | Home library | Current library | Date acquired | Total Checkouts | Date last seen | Price effective from | Koha item type |
|---|---|---|---|---|---|---|---|---|---|
| College Library | College Library | 05/23/2016 | 05/23/2016 | 05/23/2016 | Curriculum - Based eBooks |